| 000 | 00411nam a2200145 a 4500 | ||
|---|---|---|---|
| 001 | 000037077 | ||
| 005 | 20200930080127.0 | ||
| 008 | 120210s2012 dr a 000 0 spa d | ||
| 040 |
_aDO-SdBNP _bspa _cBNPHU |
||
| 082 |
_axxxx _bN322h |
||
| 100 | 1 |
_aNavarro, Maritza _963492 |
|
| 245 | 1 | 0 |
_aHurgando entre baúles. / _cMaritza Navarro. |
| 260 |
_aSanto Domingo : _bVagali, _c2012. |
||
| 300 |
_a53 p. : _bil. ; _c21 cm. |
||
| 999 |
_c36567 _d36567 |
||